The least developed countries 1992 : report (Record no. 435547)

000 -LEADER
fixed length control field 00431cam a22001217a 4500
008 - FIXED-LENGTH DATA ELEMENTS--GENERAL INFORMATION
fixed length control field 180718b1993 xxu||||| |||| 00| 0 eng d
082 ## - DEWEY DECIMAL CLASSIFICATION NUMBER
Classification number T19 L481
245 ## - TITLE STATEMENT
Title The least developed countries 1992 : report
Statement of responsibility, etc. by United Nations COnference of Trade and Development, U.S.A
260 ## - PUBLICATION, DISTRIBUTION, ETC.
Place of publication, distribution, etc. New York
Name of publisher, distributor, etc. United Nations
Date of publication, distribution, etc. 1993
300 ## - PHYSICAL DESCRIPTION
Extent vii,128p.
650 ## - SUBJECT ADDED ENTRY--TOPICAL TERM
Topical term or geographic name entry element Development
700 ## - ADDED ENTRY--PERSONAL NAME
Personal name U.S.A. United Nations COnference of Trade and Development
Holdings
Withdrawn status Lost status Damaged status Not for loan Permanent Location Current Location Date acquired Full call number Barcode Date last seen Price effective from Koha item type
        Indian Institute of Public Administration Indian Institute of Public Administration 2010-02-25 T19 L481 67978 2018-07-21 2018-07-21 Book

Powered by Koha